Responses for Show #7598 - Wednesday, September 27, 2017

Austin Rogers game 2.

Contestants

[<< previous game]

Jennie Floyd, a retired management consultant from Tucson, Arizona

Pasha Paterson, a senior computer science researcher from Richmond, Virginia

Austin Rogers, a bartender from New York, New York (whose 1-day cash winnings total $36,000)

[next game >>]

Jeopardy! Round responses

KILLER SHAKESPEARE
COUNTRIES WITH ONLY A's AS VOWELS
A NUMBER OF GROUPS
AN IVY LEAGUE EDUCATION
WEIGHTS & MEASURES
THE SIMPLER 4-LETTER SYNONYM
    $200 4
Macduff

Austin
    $200 19
Qatar

Austin
    $200 11
The B-52s

Austin
    $200 1
Brown

Austin
    $200 18
carat/karat

Pasha
    $200 16
give

Austin
    $400 7
Julius Caesar

Jennie
    $400 20
(Pasha: What is Armenia?)

Rwanda

AustinPasha
    $400 12
U2

Austin
    $400 2
Princeton

Austin
    $400 24
(Alex: Less than a minute now.)

kilograms

Pasha
    $400 17
free

Pasha
    $600 8
Mercutio

Jennie
    $600 21
the Bahamas

Austin
    $600 13
Blink-182

Austin
    $600 3
(Pasha: What is NYU?)

Columbia

PashaJennie
    $600 28
(Jennie: [*].)
[Someone, probably Alex, whisper-hisses as if trying to prompt Jennie.]
(Jennie: Uh--)
[Another whisper-hiss.]
(Alex: Remember your--)
[Jennie's time expires, and Pasha's lectern lights up, indicating a successful rebound buzz.]
(Jennie: Uh, what is [*]?)
(Alex: Thank you.)
(Pasha: [Dipping disappointedly] Oh!)
(Alex: It's okay, Pasha. She can make the mistake in the Jeopardy! Round.)
[Jennie laughs and touches Pasha's arm sympathetically with her signaling hand.]

fake

Jennie
    $800 9
Troilus and Cressida

Triple Stumper
    $4,600 22
(Austin: What is Panama and... I give up.)
(Alex: Look north, my son.)
(Austin: [**].)
(Alex: [**].)
(Austin: All right, all right. Whatever.)

Panama and Canada

Austin
    $800 14
Nine Inch Nails

Pasha
    $800 5
(Austin: What is Yale Divinity School?)

Harvard

Austin
Triple Stumper
    $800 29
[The end-of-round signal sounds.]

a bolt

Austin
    $800 27
deep

Jennie
    $1000 10
Titus Andronicus

Jennie
    $1000 23
Kazakhstan

Austin
    $1000 15
Maroon 5

Austin
    $1000 6
Cornell

Austin
    $1000 26
cubits

Pasha
    $1000 25
walk

Pasha

Scores at the first commercial break (after clue 15):

Austin Pasha Jennie
$3,200 $200 $2,600

Scores at the end of the Jeopardy! Round:

Austin Pasha Jennie
$1,800 $2,800 $4,000

Double Jeopardy! Round responses

NEW TO THE OED
(Alex: The Oxford English Dictionary.)
TV PRIVATE DETECTIVES
I AM BIG!
IT'S THE PICTURES THAT GOT SMALL
READY FOR MY CLOSE-UP
SUNSET, BOLÍVAR
    $400 1
Bama

Austin
    $400 3
Magnum, P.I.

Pasha
    $400 4
a squid

Pasha
    $400 5
a microscope

Austin
    $400 26
a cheetah

Pasha
    $400 23
the Liberator

Triple Stumper
    $800 2
(Pasha: What is [*]?)
(Alex: Yes.)
(Pasha: Really?)
[Laughter]

Grexit

Pasha
    $800 14
Sherlock

Austin
    $800 10
the emu

Austin
    $800 6
(Pasha: What is a bit?)

a cameo

PashaJennie
    $800 25
threads

Pasha
    $800 27
the Caribbean

Austin
    $1200 20
freak flag

Austin
    $1200 15
Nancy Drew

Austin
    $1200 11
a catfish

Austin
    $1200 7
the Hello Dreamhouse

Triple Stumper
    $1200 24
(Pasha: What is a confluence?)
(Jennie: What is a whorl?)
...
(Alex: Less than a minute.)

a delta

PashaJennie
Triple Stumper
    $2,500 19
DEFCON

Pasha
    $1600 16
Bruce Willis

Pasha
    $1600 12
(Pasha: What a pterodactyl?)

a pterosaur

AustinPasha
    $1600 8
lockets

Jennie
    $1600 21
the processor

Pasha
    $5,700 28
[The end-of-round signal sounds.]

Napoleon Bonaparte

Austin
    $2000 18
a finderscope

Triple Stumper
    $2000 17
(Austin: Who is Dirk Bently?)

Dirk Gently

AustinPasha
    $2000 13
a wildebeest

Pasha
    $2000 9
(Pieter) Bruegel

Austin
    $2000 22
strawberry

Jennie

Scores at the end of the Double Jeopardy! Round:

Austin Pasha Jennie
$15,900 $11,700 $7,200

[wagering suggestions for these scores]

Final Jeopardy! Round responses

AMERICAN WOMEN
(Alex: [To Austin] Married to F. Scott.)
JennieWho is Anne Morrow Lindbergh?
$7,200
PashaWho was [a letter crossed out] Roosevelt
$5,050
AustinWho was Zelda Fitzgerald
$8,000
Zelda Fitzgerald

Final scores:

Austin Pasha Jennie
$23,900 $6,650 $0
2-day champion: $59,900 2nd place: $2,000 3rd place: $1,000

Game dynamics:

Coryat scores:

Austin Pasha Jennie
$16,400 $10,800 $7,200
25 R
(including 1 DD),
3 W
(including 1 DD)
16 R
(including 1 DD),
5 W
9 R,
1 W

Combined Coryat: $34,400

[game clues] [game scores] [suggest correction]

Game tape date: 2017-04-25
The J! Archive is created by fans, for fans. Scraping, republication, monetization, and malicious use prohibited; this site may use cookies and collect identifying information. See terms. The Jeopardy! game show and all elements thereof, including but not limited to copyright and trademark thereto, are the property of Jeopardy Productions, Inc. and are protected under law. This website is not affiliated with, sponsored by, or operated by Jeopardy Productions, Inc. Join the discussion at JBoard.tv.